Инженерное предпринимательство: электронный курс
| Autor corporatiu: | |
|---|---|
| Altres autors: | , , , , |
| Sumari: | Заглавие с экрана В курсе «Инженерное предпринимательство» рассматриваются основные проблемы практики инженерного предпринимательства; эвристические методы решения изобретательских инженерных и предпринимательских практических задач; методы создания и развития собственного предпринимательского проекта в сфере наукоемкого производства; процесс коммерциализации от идеи до серийного производства. Особое внимание уделяется отбору студентов, имеющих склонности к предпринимательской деятельности для последующего сопровождения; формированию способности к пониманию и анализу основных предпринимательских проблем. Знания, полученные в курсе «Инженерное предпринимательство», послужат основой для разработки идеи коммерчески перспективного продукта на основе научно-технической разработки по направлению профессиональной деятельности. Доступ по логину и паролю |
| Idioma: | rus |
| Publicat: |
Томск, TPU Moodle, 2015
|
| Matèries: | |
| Accés en línia: | https://design.lms.tpu.ru/course/view.php?id=395 |
| Format: | MixedMaterials Electrònic Llibre |
| KOHA link: | https://koha.lib.tpu.ru/cgi-bin/koha/opac-detail.pl?biblionumber=665585 |
MARC
| LEADER | 00000nlm0a2200000 4500 | ||
|---|---|---|---|
| 001 | 665585 | ||
| 005 | 20231102030754.0 | ||
| 035 | |a (RuTPU)RU\TPU\network\36784 | ||
| 035 | |a RU\TPU\network\17293 | ||
| 090 | |a 665585 | ||
| 100 | |a 20211020d2015 m y0rusy50 ca | ||
| 101 | 0 | |a rus | |
| 102 | |a RU | ||
| 105 | |a a j 000zy | ||
| 135 | |a jrcn ---uucaa | ||
| 181 | 0 | |a i | |
| 182 | 0 | |a b | |
| 200 | 1 | |a Инженерное предпринимательство |e электронный курс |f И. Ф. Зернин, В. М. Кизеев, М. А. Иванченко [и др.] |g Национальный исследовательский Томский политехнический университет, Институт социально-гуманитарных технологий, Кафедра инженерного предпринимательства | |
| 203 | |a Текст |c электронный | ||
| 210 | |a Томск |c TPU Moodle |d 2015 | ||
| 230 | |a Электрон. дан. | ||
| 300 | |a Заглавие с экрана | ||
| 330 | |a В курсе «Инженерное предпринимательство» рассматриваются основные проблемы практики инженерного предпринимательства; эвристические методы решения изобретательских инженерных и предпринимательских практических задач; методы создания и развития собственного предпринимательского проекта в сфере наукоемкого производства; процесс коммерциализации от идеи до серийного производства. Особое внимание уделяется отбору студентов, имеющих склонности к предпринимательской деятельности для последующего сопровождения; формированию способности к пониманию и анализу основных предпринимательских проблем. Знания, полученные в курсе «Инженерное предпринимательство», послужат основой для разработки идеи коммерчески перспективного продукта на основе научно-технической разработки по направлению профессиональной деятельности. | ||
| 333 | |a Доступ по логину и паролю | ||
| 606 | 1 | |a Инновационная экономика |2 stltpush |3 (RuTPU)RU\TPU\subj\67863 |9 83511 | |
| 610 | 1 | |a электронный ресурс | |
| 610 | 1 | |a труды учёных ТПУ | |
| 610 | 1 | |a электронное обучение | |
| 610 | 1 | |a электронные курсы ТПУ | |
| 610 | 1 | |a учебные пособия | |
| 610 | 1 | |a электронные учебные пособия | |
| 610 | 1 | |a инженерное предпринимательство | |
| 610 | 1 | |a команды | |
| 610 | 1 | |a личностная эффективность | |
| 610 | 1 | |a бизнес-идеи | |
| 610 | 1 | |a инфраструктура | |
| 610 | 1 | |a маркетинг | |
| 610 | 1 | |a интеллектуальная собственность | |
| 686 | |a У9(2)0-551я73 |2 rubbk | ||
| 701 | 1 | |a Зернин |b И. Ф. |c специалист в области менеджмента |c эксперт Томского политехнического университета |f 1989- |g Иван Федорович |2 stltpush |3 (RuTPU)RU\TPU\pers\31934 | |
| 701 | 1 | |a Кизеев |b В. М. |c экономист |c ассистент Томского политехнического университета, заведующий лабораторией |f 1987- |g Вениамин Михайлович |2 stltpush |3 (RuTPU)RU\TPU\pers\31556 | |
| 701 | 1 | |a Иванченко |b М. А. |c экономист |c эксперт Томского политехнического университета |f 1990- |g Максим Александрович |2 stltpush |3 (RuTPU)RU\TPU\pers\31557 | |
| 701 | 1 | |a Бабурина |b Е. Ю. |c специалист в области инженерного предпринимательства |c эксперт Томского политехнического университета |f 1990- |g Екатерина Юрьевна |2 stltpush |3 (RuTPU)RU\TPU\pers\30706 | |
| 701 | 1 | |a Дубинина |b И. А. |c психолог |c старший преподаватель Томского политехнического университета |f 1963- |g Ирина Анатольевна |2 stltpush |3 (RuTPU)RU\TPU\pers\25556 | |
| 712 | 0 | 2 | |a Национальный исследовательский Томский политехнический университет |b Институт социально-гуманитарных технологий |b Кафедра инженерного предпринимательства |h 5423 |2 stltpush |3 (RuTPU)RU\TPU\col\18857 |
| 801 | 2 | |a RU |b 63413507 |c 20220415 |g RCR | |
| 856 | 4 | |u https://design.lms.tpu.ru/course/view.php?id=395 | |
| 942 | |c CF | ||